Elementos de legislación natural, destinados al uso de los discípulos de la escuela central del Pantheon

Detalles Bibliográficos
Autor principal: PERREAU
Formato: Libro
Publicado: Madrid 1821
Materias:
Colección:Banco de datos
Acervo:Biblioteca del Ex Convento de Nuestra Señora de Guadalupe. Zacatecas
Descripción Física:t. I
Tema general:Derecho Civil
Notas:Regular. IV,5,6(1136). Ex libris grabado de fray José Trinidad Macías en la portada. Sin marca de fuego
LEADER 00848nam a22002050004500
035 |a 39056 
036 |a 240 
100 1 |a PERREAU 
245 1 0 |a Elementos de legislación natural, destinados al uso de los discípulos de la escuela central del Pantheon  |c tr. Francisco Rodríguez de Ledesma 
260 |a Madrid  |b imp. M. de Burgos  |c 1821 
300 |a t. I 
500 |a Regular. IV,5,6(1136). Ex libris grabado de fray José Trinidad Macías en la portada. Sin marca de fuego 
650 1 0 |a Derecho Civil 
949 |a CRZ-CG 
959 |a Ex convento de Nuestra Señora de Guadalupe, Museo Regional de Zacatecas, Zacatecas  |b CCC4 
960 |a Convento de Nuestra Señora de Guadalupe, Zacatecas  |b DD87 
961 |a Franciscana  |b OF 
942 |c CRZ-CG 
943 |g Biblioteca del Ex Convento de Nuestra Señora de Guadalupe. Zacatecas 
999 |c 963183  |d 963183